01525cam a22003854i 4500003000900000005001700009008004100026035002000067040003300087100003200120245018700152264001000339300002100349336002100370337002500391338002300416502005900439504002400498520047500522526001000997526001001007526000901017526000901026526000901035526000901044526000901053526000901062526000901071526000801080526000801088526000801096526000801104526000801112650001901120PE-LiUPU20250731165430.0160217s1997 pe grm 000 0 spa d a(Sirsi) a156169 aPE-LiUPUbspacPE-LiUPUerda1 aMamani Chambi, Yudhyeautor1 aCalidad bacteriológica del agua para consumo humano en las localidades de Cultura y Progreso, La Cruz, Las Colinas de Jicamarca y Virgen del Carmen - La Era /cYudhy Mamani Chambi. 0c1997. a78 hojas c30 cm atext2rdacontent aunmediated2rdamedia avolume2rdacarrier aTesisb(Lic.) -- cUniversidad Peruana Unión,d1997. aIncluye referencias3 aEl presente estudio contribuye a validar la identificación de bacterias, en especial, coliformes totales y fecales en el agua para consumo humano. Las muestras fueron tomadas en 19 oportunidades en las localidades de Cultura y Progreso, La Cruz, Las Colinas de Jicamarca y Virgen del Carmen La Era; a partir del 15 de Febrero de 1997, para el análisis correspondiente por filtro membrana con los medios de cultivo agar ENDO y Lauiril Sulfato para coliformes fecales. aSEG44 aSEG26 aP151 aP150 aP149 aP146 aP145 aP126 aP125 aP92 aP75 aP74 aP27 aP1504aAguaxCalidad.